000 00306nam a22001337a 4500
008 170606b xxu||||| |||| 00| 0 eng d
020 _a9780813118895
041 _aeng
080 _a32
100 _a18
101 _aSHP
245 _aTHE GREAT POWERS AND GLOBAL STRUGGLE
_cRASLER, K.A
942 _2udc
_cBK
999 _c16154
_d16154